The Commonwealth casebook for Administrators in post-secondary education (Record no. 37877)

MARC details
000 -LEADER
fixed length control field 00784nam a2200193 a 4500
008 - FIXED-LENGTH DATA ELEMENTS--GENERAL INFORMATION
fixed length control field 100908s1985 ||||||||||||||||| || u
020 ## - INTERNATIONAL STANDARD BOOK NUMBER
International Standard Book Number 0850922860
050 ## - LIBRARY OF CONGRESS CALL NUMBER
Classification number COMM(02)
100 ## - MAIN ENTRY--PERSONAL NAME
Personal name McCaig, Robert
245 14 - TITLE STATEMENT
Title The Commonwealth casebook for Administrators in post-secondary education
Statement of responsibility, etc. edited by Robert McCaig
260 ## - PUBLICATION, DISTRIBUTION, ETC.
Place of publication, distribution, etc. London:
Name of publisher, distributor, etc. Commonwealth Secretariat
Date of publication, distribution, etc. 1985
300 ## - PHYSICAL DESCRIPTION
Extent v, 137p.: ill.
350 ## - PRICE (NR) (BK AM CF MU VM SE) [OBSOLETE]
Price 0.00
650 #0 - SUBJECT ADDED ENTRY--TOPICAL TERM
Topical term or geographic name entry element EDUCATIONAL TESTS AND MEASUREMENTS
650 ## - SUBJECT ADDED ENTRY--TOPICAL TERM
Topical term or geographic name entry element UNIVERSITIES AND COLLEGES--ADMINISTRATION
650 #0 - SUBJECT ADDED ENTRY--TOPICAL TERM
Topical term or geographic name entry element SCHOOL MANAGEMENT AND ORGANIZATION
710 ## - ADDED ENTRY--CORPORATE NAME
Corporate name or jurisdiction name as entry element Commonwealth Secretariat
995 ## - RECOMMENDATION 995 [LOCAL, UNIMARC FRANCE]
-- 0.00
-- CBU-MAIN LIBRARY (Kitwe)
-- 1
-- 0.00
-- 1
-- AVAILABLE
-- Sep 8, 2010
-- International Publications
Holdings
Withdrawn status Lost status Source of classification or shelving scheme Damaged status Not for loan Home library Current library Shelving location Date acquired Total Checkouts Full call number Barcode Date last seen Price effective from Koha item type
          CBU-MAIN LIBRARY, KITWE. CBU-MAIN LIBRARY, KITWE.   11/30/2022   COMM(02) Z03007084 11/30/2022 11/30/2022 MONOGRAPH